00000000nam 2200000zi 4500
0019.946627
003CaOODSP
00520250121091710
006m     o  d f      
007cr bn|||||||||
008250108s1965    onca    ofu  f001 0 eng d
040 |aCaOODSP|beng|erda|cCaOODSP
043 |an-cn---
0861 |aNR24-28/1965-4E-PDF
1001 |aWaller, D. H., |eauthor.
24510|aHandbook of plumbing sketches 1965 : |bsupplement no. 4 to the National Building Code of Canada / |cprepared by D.H. Waller ; issued by the Associate Committee on the National Building Code.
24610|aSupplement no. 4 to the National Building Code of Canada
264 1|aOttawa, Canada : |bNational Research Council, |c1965.
300 |a1 online resource (1 volume (various pagings)) : |billustrations
336 |atext|btxt|2rdacontent
337 |acomputer|bc|2rdamedia
338 |aonline resource|bcr|2rdacarrier
500 |aIncludes index.
500 |aIssued also in French under title: Manuel d'esquisses de plomberie 1965 : supplément no 4 au Code national du bâtiment (Canada).
520 |a"This Supplement has been prepared for those who use Part 7 of the National Building Code. The references found herein are based on the 1960 edition. The contents of the Supplement have been reviewed by the Revision Committee on Plumbing Services and approved as an accurate interpretation of the intent of the regulations"--Introduction.
650 0|aBuilding laws|zCanada.
650 0|aBuildings|xStandards|zCanada.
650 0|aPlumbing|xLaw and legislation|zCanada.
650 0|aPlumbing|zCanada|vHandbooks, manuals, etc.
655 7|aHandbooks and manuals|2lcgft
7102 |aNational Research Council of Canada. |bAssociate Committee on the National Building Code, |eissuing body.
77508|tManuel d'esquisses de plomberie 1965 : |w(CaOODSP)9.946748
795 |tHandbook of plumbing sketches 1961 : |w(CaOODSP)9.946558
85640|qPDF|s1.25 MB|uhttps://publications.gc.ca/collections/collection_2025/cnrc-nrc/NR24-28-1965-4-eng.pdf
986 |a8332